00753nam a2200181 a 4500008004100000020001500041050001400056100002500070245008400095250001200179260005300191300004200244650002300286700002100309995009400330999001700424952013000441130403s2001 ||||||||||||||||| || u a0030336287 aQC 23 KIR aKirkpatrick, Larry D10aPhysics: a world view. (4th ed.)cby Larry D. Kirkpatrick and Gerald F. Wheeler a4th ed. aPhiladelphia:bHarcourt College Publishersc2001 axxxiii, 699p. various pagings. : ill. aPHYSICS--TEXTBOOKS aWheeler,Gerald F FCBU-MAIN LIBRARY (Kitwe)M1UAVAILABLEWMay 10, 2013ZMain Library Open Access Collection c53595d53595 00102lcc4070a001b001cMain Library Open Access Collectiond2022-11-30l0oQC 23 KIRp743624r2022-11-30w2022-11-30y002